000 00639nam a2200229Ia 4500
003 OSt
005 20220925200438.0
006 a|||||r|||| 00| 0
007 ta
008 220923b |||||||| |||| 00| 0 eng d
037 _cGeneral Book
040 _aRTL
_cRTL
_beng
041 _2eng
_aeng
082 _aD6,9(B), M8
100 _aKelly-Boojtle Stan
_9257590
245 0 _aMastering Turbo C.
260 _aDelhi
_bBPB Publication India
_c1988
300 _axxvi, 578p. Appendix P 392-453
_ccm.
650 _aComputer Science
942 _hD6,9(B), M8
_cGB
_2CC
999 _c536692
_d536692